00165nam a2200061Ia 4500008004100000100001600041245004600057120527s9999 xx 000 0 und d aJohnson, M. aSystematic introduction to the psychology